Vista normal
Vista MARC
Entrada Personal Name
Número de registros utilizados en: 1
001 - CONTROL NUMBER
- control field: 39595
003 - CONTROL NUMBER IDENTIFIER
- control field: OSt
005 - DATE AND TIME OF LATEST TRANSACTION
- control field: 20210824103131.0
008 - FIXED-LENGTH DATA ELEMENTS
- fixed length control field: 210824|| aca||aabn | a|a d
040 ## - CATALOGING SOURCE
- Original cataloging agency: OSt
- Transcribing agency: OSt
100 ## - HEADING--PERSONAL NAME
- Personal name: Sandoval, Diego
670 ## - SOURCE DATA FOUND
- Source citation: Work cat.: (OSt)8351: Ramírez, Manuel, 17017 autor, Ajuste económico y empleo en Colombia, Ecuador y Venezuela, frente a la crisis financiera internacional / , 2000